[Event "DEM U10 2005"]
[Site "Willingen GER"]
[Date "2005.05.15"]
[Round "2"]
[White "Müller, Alexander"]
[Black "Oltzen, Aljoscha"]
[Result "1-0"]
[Termination "normal"]
[Board "25"]
[WhiteElo "1336"]
[BlackElo "933"]
[PlyCount "95"]
[WhiteFideId "4624696"]
[EventCountry "GER"]
[EventRounds "11"]
[EventType "swiss"]
[EventDate "2005.05.15"]

1. e4 e6 2. d4 d5 3. Nc3 Nf6 4. e5 Nfd7 5. Be3 c5 6. Nf3 Qb6 7. Rb1 Nc6 8. Ne2
cxd4 9. Bxd4 Nxd4 10. Nexd4 Bc5 11. c3 O-O 12. Be2 f6 13. exf6 Nxf6 14. O-O Bd7
15. h3 Rae8 16. b4 Bxd4 17. Nxd4 e5 18. Nf3 e4 19. Nd4 a6 20. c4 dxc4 21. Bxc4+
Kh8 22. Nc2 Rc8 23. Bb3 Be6 24. Ne3 Bxb3 25. Qxb3 Rfd8 26. Rfd1 Rxd1+ 27. Rxd1
Rd8 28. Rxd8+ Qxd8 29. Kf1 g6 30. Ke2 Kg7 31. a3 Qb6 32. Qc4 Qc6 33. Kd2 Qxc4
34. Nxc4 b5 35. Nd6 Kf8 36. Ke3 Ke7 37. Nxe4 Nxe4 38. Kxe4 Ke6 39. g4 Kf6 40.
f4 g5 41. f5 h6 42. Kd5 h5 43. Kd6 hxg4 44. hxg4 Kf7 45. Ke5 Ke7 46. f6+ Kf7
47. Kf5 Kf8 48. Kxg5 1-0

[Event "DEM U10 2005"]
[Site "Willingen GER"]
[Date "2005.05.15"]
[Round "2"]
[White "Spangenberg, Romy"]
[Black "Titgemeyer, Sven"]
[Result "0-1"]
[Termination "normal"]
[Board "26"]
[WhiteElo "1239"]
[BlackElo "1041"]
[PlyCount "116"]
[WhiteFideId "4627997"]
[BlackFideId "24676934"]
[EventCountry "GER"]
[EventRounds "11"]
[EventType "swiss"]
[EventDate "2005.05.15"]

1. e4 e5 2. Nf3 Nc6 3. d4 exd4 4. Nxd4 Bc5 5. Be3 Qf6 6. c3 Nge7 7. g3 d5 8.
Bg2 Nxd4 9. Bxd4 Bxd4 10. Qxd4 Qxd4 11. cxd4 Be6 12. Nc3 O-O-O 13. O-O dxe4 14.
Nxe4 Rxd4 15. a3 Bf5 16. Rfe1 Bxe4 17. Bxe4 Re8 18. b4 Nc6 19. Bf5+ Kd8 20.
Rad1 Rxe1+ 21. Rxe1 Rd2 22. Kg2 g6 23. Be4 Kd7 24. Kf1 Ra2 25. Re3 Rd2 26. Rd3+
Rxd3 27. Bxd3 Ke6 28. Ke2 Ne5 29. h4 Nxd3 30. Kxd3 Kd5 31. f3 b5 32. Kc3 c5 33.
bxc5 Kxc5 34. g4 a5 35. f4 b4+ 36. axb4+ axb4+ 37. Kb3 Kd4 38. Kxb4 Ke4 39. Kc5
Kxf4 40. Kd6 Kxg4 41. Ke7 f5 42. Kf7 f4 43. Kg7 f3 44. Kxh7 f2 45. Kxg6 Kxh4
46. Kf5 f1=Q+ 47. Ke5 Qf3 48. Kd4 Kg4 49. Ke5 Qf4+ 50. Kd5 Kf5 51. Kc5 Qe4 52.
Kd6 Qe5+ 53. Kc6 Ke6 54. Kb7 Qd6 55. Ka7 Qb4 56. Ka6 Kd6 57. Ka7 Kc7 58. Ka6
Qb6# 0-1

[Event "DEM U10 2005"]
[Site "Willingen GER"]
[Date "2005.05.15"]
[Round "2"]
[White "Bakalarz, Bianca"]
[Black "Riebold, Johannes"]
[Result "0-1"]
[Termination "normal"]
[Board "27"]
[WhiteElo "983"]
[BlackElo "1221"]
[PlyCount "70"]
[EventCountry "GER"]
[EventRounds "11"]
[EventType "swiss"]
[EventDate "2005.05.15"]

1. e4 e5 2. Nf3 Nc6 3. d4 exd4 4. Nxd4 Nf6 5. Nc3 Bc5 6. Nf5 O-O 7. Bg5 h6 8.
Bh4 d6 9. Bb5 Bxf5 10. exf5 Qe8+ 11. Ne2 Qe5 12. Bxc6 bxc6 13. Qd3 Rae8 14. c3
Re7 15. c4 Rfe8 16. O-O Qxe2 17. Qg3 Qe5 18. Qf3 Qe4 19. Qg3 Qxf5 20. a3 Re4
21. b4 Bd4 22. Rad1 Be5 23. Qd3 Qg4 24. Bg3 Rd4 25. Qc2 Bxg3 26. hxg3 Rxc4 27.
Qb2 Re2 28. Qa1 Qf5 29. Rb1 Rcc2 30. Qd4 c5 31. bxc5 dxc5 32. Qd1 Rxf2 33. Rb8+
Kh7 34. Qe1 Rxg2+ 35. Kh1 Qh3# 0-1

[Event "DEM U10 2005"]
[Site "Willingen GER"]
[Date "2005.05.15"]
[Round "2"]
[White "Collmer, Dominik"]
[Black "Pannier, Lukas"]
[Result "1-0"]
[Termination "normal"]
[Board "28"]
[WhiteElo "1216"]
[BlackElo "948"]
[PlyCount "57"]
[WhiteFideId "4620763"]
[EventCountry "GER"]
[EventRounds "11"]
[EventType "swiss"]
[EventDate "2005.05.15"]

1. e4 e5 2. Nf3 d6 3. Bc4 Nf6 4. Nc3 Nc6 5. d3 h6 6. Be3 Be7 7. h3 O-O 8. O-O
Bd7 9. Qe2 Qc8 10. Rad1 Bxh3 11. Nh2 Bd7 12. Qd2 g5 13. Bxg5 hxg5 14. Qxg5+ Kh8
15. Qh6+ Nh7 16. f4 exf4 17. Rxf4 Bg5 18. Qh5 Bxf4 19. Rf1 Be3+ 20. Kh1 Be6 21.
Rf3 Bd2 22. Bxe6 Qxe6 23. Rh3 Qg6 24. Qh4 Rg8 25. g3 Rae8 26. Nd5 f5 27. Nf6
Ref8 28. Qxh7+ Qxh7 29. Rxh7# 1-0

[Event "DEM U10 2005"]
[Site "Willingen GER"]
[Date "2005.05.15"]
[Round "2"]
[White "von Freydorf, Sofia"]
[Black "Gering, Samuel"]
[Result "0-1"]
[Termination "normal"]
[Board "29"]
[WhiteElo "965"]
[BlackElo "1215"]
[PlyCount "88"]
[BlackFideId "24604526"]
[EventCountry "GER"]
[EventRounds "11"]
[EventType "swiss"]
[EventDate "2005.05.15"]

1. e4 c6 2. Nf3 d5 3. Nc3 Bg4 4. Be2 e6 5. O-O Bd6 6. d4 Nd7 7. Be3 Ne7 8. e5
Bc7 9. Bg5 O-O 10. Qd2 c5 11. dxc5 Nxc5 12. Qf4 Bxf3 13. Bxf3 Qd7 14. Qg4 Bxe5
15. Bh6 Ng6 16. Be3 Qc7 17. g3 Nd7 18. Rad1 Bxc3 19. bxc3 Rfd8 20. Bd4 Nde5 21.
Bxe5 Nxe5 22. Qh5 g6 23. Qh6 Nxf3+ 24. Kh1 Qxc3 25. Rc1 Nd2 26. Rfd1 Ne4 27.
Rd3 Nxf2+ 28. Kg2 Nxd3 29. Qe3 Qa3 30. cxd3 Qxa2+ 31. Qf2 Qxf2+ 32. Kxf2 Rac8
33. Rxc8 Rxc8 34. Ke3 a5 35. d4 b5 36. h4 a4 37. g4 b4 38. h5 Kg7 39. hxg6 hxg6
40. g5 b3 41. Kd3 b2 42. Ke3 b1=Q 43. Ke2 Rc2+ 44. Kd3 Qb3# 0-1

[Event "DEM U10 2005"]
[Site "Willingen GER"]
[Date "2005.05.15"]
[Round "2"]
[White "Klumpe, Jan-Karl"]
[Black "Schnorr, Christian"]
[Result "1-0"]
[Termination "normal"]
[Board "30"]
[WhiteElo "936"]
[BlackElo "1143"]
[PlyCount "113"]
[EventCountry "GER"]
[EventRounds "11"]
[EventType "swiss"]
[EventDate "2005.05.15"]

1. e4 c5 2. c3 d5 3. exd5 Qxd5 4. d4 Nc6 5. Be3 cxd4 6. cxd4 Nf6 7. Nc3 Qa5 8.
h3 e6 9. a3 Bd6 10. Bc4 O-O 11. Nf3 Bd7 12. b4 Qd8 13. d5 exd5 14. Bxd5 Nxd5
15. Qxd5 Qf6 16. O-O Qe6 17. Rfd1 Be5 18. Nxe5 Qxe5 19. Qxe5 Nxe5 20. Bf4 Ng6
21. Rxd7 Nxf4 22. Rxb7 a6 23. Ne4 f5 24. Nc5 Rf6 25. Rd1 h6 26. Rdd7 Rg6 27. g3
Nxh3+ 28. Kg2 Ng5 29. Ra7 Rxa7 30. Rxa7 a5 31. Rxa5 Rc6 32. a4 Kf8 33. Nd3 Ke8
34. Rxf5 Kd8 35. b5 Rc7 36. a5 Kc8 37. b6 Rb7 38. f4 Ne6 39. Ne5 g5 40. fxg5
hxg5 41. Rf6 Nd8 42. a6 Rb8 43. Rg6 Ra8 44. a7 Kb7 45. Kf3 Kc8 46. Rg7 g4+ 47.
Kxg4 Nc6 48. Nxc6 Rxa7 49. Rg8+ Kb7 50. bxa7 Kxc6 51. a8=Q+ Kd6 52. Rg5 Ke6 53.
Qc6+ Kf7 54. Kf5 Ke7 55. Rg7+ Kf8 56. Qc7 Ke8 57. Qe7# 1-0

[Event "DEM U10 2005"]
[Site "Willingen GER"]
[Date "2005.05.15"]
[Round "2"]
[White "Friedt, Marius"]
[Black "Priese, Annika"]
[Result "1-0"]
[Termination "normal"]
[Board "31"]
[WhiteElo "1127"]
[BlackElo "915"]
[PlyCount "85"]
[WhiteFideId "4642830"]
[BlackFideId "24673730"]
[EventCountry "GER"]
[EventRounds "11"]
[EventType "swiss"]
[EventDate "2005.05.15"]

1. e4 e5 2. Nf3 Nf6 3. Nxe5 Qe7 4. Nf3 Nxe4 5. Qe2 d5 6. d3 Bf5 7. dxe4 Bxe4 8.
Nd4 Nd7 9. Nc3 g6 10. Nxe4 dxe4 11. Be3 Bg7 12. O-O-O O-O 13. Qb5 Qf6 14. Qxd7
c5 15. Qxb7 Rab8 16. Qxa7 Rb4 17. Qxc5 Rfb8 18. b3 Bf8 19. Qc6 Qe5 20. f4 Qa5
21. Qa6 Qc7 22. Nc6 R4b6 23. Bxb6 Rxb6 24. Qa4 Rxc6 25. Qxe4 h6 26. Bd3 Re6 27.
Qc4 Qa7 28. Kb1 Bg7 29. Rhe1 Qe7 30. Qc8+ Kh7 31. Rxe6 fxe6 32. Bc4 Qf6 33. Kc1
Qb2+ 34. Kd2 Qc3+ 35. Ke2 Qxc2+ 36. Rd2 Qe4+ 37. Kd1 Bc3 38. Qxe6 h5 39. Qxe4
Bxd2 40. Kxd2 Kh6 41. Bd3 Kh7 42. Qxg6+ Kh8 43. Qh7# 1-0

[Event "DEM U10 2005"]
[Site "Willingen GER"]
[Date "2005.05.15"]
[Round "2"]
[White "Schäfer, Ann-Kathrin"]
[Black "Kalliwoda, Theresa"]
[Result "1-0"]
[Termination "normal"]
[Board "33"]
[WhiteElo "1118"]
[BlackElo "868"]
[PlyCount "29"]
[WhiteFideId "24615412"]
[EventCountry "GER"]
[EventRounds "11"]
[EventType "swiss"]
[EventDate "2005.05.15"]

1. d4 Nf6 2. Nf3 c5 3. e3 Nc6 4. Bd3 e6 5. Nbd2 d6 6. O-O e5 7. c3 Be7 8. Re1
Nh5 9. Nxe5 dxe5 10. Qxh5 exd4 11. exd4 cxd4 12. Bc4 O-O 13. Nf3 Na5 14. Bd3
dxc3 15. Qxh7# 1-0

[Event "DEM U10 2005"]
[Site "Willingen GER"]
[Date "2005.05.15"]
[Round "2"]
[White "Rethmann, Kristin"]
[Black "Volz, Alexander"]
[Result "0-1"]
[Termination "normal"]
[Board "34"]
[WhiteElo "863"]
[BlackElo "1117"]
[PlyCount "122"]
[WhiteFideId "24655805"]
[BlackFideId "4669126"]
[EventCountry "GER"]
[EventRounds "11"]
[EventType "swiss"]
[EventDate "2005.05.15"]

1. e4 e5 2. Bc4 Nf6 3. Nc3 Nc6 4. d3 h6 5. Nge2 d6 6. f3 Be7 7. Be3 O-O 8. Qd2
Kh7 9. O-O-O a6 10. g4 b5 11. Bb3 b4 12. Nd5 a5 13. h4 Nxd5 14. Bxd5 Bb7 15. g5
h5 16. Ng3 g6 17. Rdf1 Rb8 18. f4 exf4 19. Rxf4 f6 20. gxf6 Rxf6 21. Rxf6 Bxf6
22. Bg5 Bxg5 23. Qxg5 Qxg5+ 24. hxg5 Ne5 25. Bxb7 Rxb7 26. d4 Nf3 27. Ne2 Nxg5
28. Rh4 Rb8 29. Rf4 Re8 30. Ng3 Kg7 31. Kd2 Ne6 32. Rf3 Nxd4 33. Rd3 Ne6 34. a3
Nc5 35. Rd4 bxa3 36. bxa3 Nd7 37. Rd5 Nc5 38. Rd4 h4 39. Nh1 Nxe4+ 40. Kd3 Nc5+
41. Kc4 Re4 42. Rxe4 Nxe4 43. Kd5 Ng3 44. Nf2 g5 45. Kc6 Kf6 46. Kxc7 Ke5 47.
Kb6 Kf4 48. Nd3+ Kg4 49. Nf2+ Kf3 50. Nh3 g4 51. Ng5+ Kf4 52. Ne6+ Ke5 53. Ng5
h3 54. Nxh3 gxh3 55. Kxa5 h2 56. a4 h1=Q 57. Kb4 Qb7+ 58. Ka5 Kd5 59. c4+ Kc6
60. c5 Ne4 61. cxd6 Qb6# 0-1

[Event "DEM U10 2005"]
[Site "Willingen GER"]
[Date "2005.05.15"]
[Round "2"]
[White "Mädge, Rico"]
[Black "Peil, Christoph"]
[Result "0-1"]
[Termination "normal"]
[Board "35"]
[WhiteElo "826"]
[BlackElo "1096"]
[PlyCount "60"]
[BlackFideId "24651800"]
[EventCountry "GER"]
[EventRounds "11"]
[EventType "swiss"]
[EventDate "2005.05.15"]

1. e3 c5 2. d4 cxd4 3. exd4 d5 4. Bb5+ Bd7 5. Qg4 Bxb5 6. Nc3 Nf6 7. Qf5 e6 8.
Qf4 Bd6 9. Qg5 Ba6 10. Qxg7 Rg8 11. Qh6 Nc6 12. Nf3 Nb4 13. Qd2 b6 14. Ne5 Qc7
15. f4 O-O-O 16. g4 Nxg4 17. Rg1 Nxe5 18. Rxg8 Nf3+ 19. Kd1 Nxd2 20. Rxd8+ Kxd8
21. Bxd2 Bxf4 22. a3 Bxd2 23. Kxd2 Qxh2+ 24. Ke3 Nxc2+ 25. Kf3 Nxa1 26. Ne2 Nc2
27. Nf4 Ke7 28. b4 Qh1+ 29. Kg4 Ne3+ 30. Kg5 f6# 0-1

[Event "DEM U10 2005"]
[Site "Willingen GER"]
[Date "2005.05.15"]
[Round "2"]
[White "Düssler, Stefanie"]
[Black "Fischer, Franziska"]
[Result "1-0"]
[Termination "normal"]
[Board "36"]
[WhiteElo "1087"]
[BlackElo "861"]
[PlyCount "105"]
[WhiteFideId "4634780"]
[BlackFideId "12924199"]
[EventCountry "GER"]
[EventRounds "11"]
[EventType "swiss"]
[EventDate "2005.05.15"]

1. e4 c5 2. Nf3 d6 3. d4 cxd4 4. Nxd4 Nf6 5. Nc3 g6 6. f3 Bg7 7. Be3 Nc6 8. Qd2
Bd7 9. O-O-O d5 10. exd5 Nxd5 11. Nxd5 Be6 12. Nc3 O-O 13. Nxc6 bxc6 14. Qf2
Qb8 15. Bd4 Qf4+ 16. Qe3 Qh6 17. Qxh6 Bxh6+ 18. Kb1 a6 19. Bc5 Rfe8 20. Be2 Bg5
21. h4 Bf6 22. g4 h5 23. gxh5 gxh5 24. f4 Rad8 25. Rxd8 Rxd8 26. Bxh5 Kh8 27.
Bf3 Bd5 28. Bxd5 cxd5 29. a3 d4 30. Ne4 Bg7 31. Ng5 Rd5 32. Bxe7 d3 33. cxd3
Rxd3 34. Bd6 Rxd6 35. Nxf7+ Kg8 36. Nxd6 a5 37. h5 Bh6 38. Rg1+ Kh7 39. f5 Be3
40. Rg6 Bc5 41. Kc2 a4 42. Nf7 Bxa3 43. Ng5+ Kh8 44. Ra6 Be7 45. f6 Bf8 46.
Rxa4 Bh6 47. Nf7+ Kh7 48. Nxh6 Kxh6 49. f7 Kg7 50. Rf4 Kh6 51. f8=Q+ Kxh5 52.
Qg8 Kh6 53. Rh4# 1-0

[Event "DEM U10 2005"]
[Site "Willingen GER"]
[Date "2005.05.15"]
[Round "2"]
[White "Zeller, Elisa"]
[Black "Stuhler, Kilian"]
[Result "0-1"]
[Termination "normal"]
[Board "37"]
[WhiteElo "794"]
[BlackElo "1087"]
[PlyCount "110"]
[WhiteFideId "24662410"]
[EventCountry "GER"]
[EventRounds "11"]
[EventType "swiss"]
[EventDate "2005.05.15"]

1. e4 e5 2. Bc4 Nf6 3. Nc3 Bc5 4. Nf3 d6 5. d3 Bg4 6. Bg5 Nc6 7. Bxf6 Qxf6 8.
h3 Bxf3 9. Qxf3 Qxf3 10. gxf3 Nd4 11. O-O-O Nxf3 12. Bb5+ c6 13. Bc4 O-O 14.
Rhf1 a5 15. a4 Nd4 16. f4 Rad8 17. f5 Bb4 18. f6 g6 19. h4 Bxc3 20. bxc3 Ne2+
21. Kd2 Nf4 22. d4 h6 23. d5 cxd5 24. exd5 Rc8 25. Ba2 Rc5 26. c4 Kh7 27. Kc1
Rg8 28. Rf3 Rgc8 29. Rg3 Ne2+ 30. Kd2 Nxg3 31. Rg1 Nh5 32. Rf1 Nf4 33. Kc1 Rg8
34. Bb3 g5 35. hxg5 Rxg5 36. Kd2 Rg6 37. c3 Rxf6 38. Bc2+ Kg8 39. Rg1+ Rg6 40.
Bxg6 Nxg6 41. Rh1 Rxc4 42. Rxh6 Rxa4 43. Rh3 Rh4 44. Rg3 Rh2+ 45. Ke3 Kg7 46.
Rg1 a4 47. Ra1 b5 48. Kf3 Rh3+ 49. Kg2 Rxc3 50. Ra2 Nf4+ 51. Kh2 Re3 52. Ra1
Re2+ 53. Kg3 Rg2+ 54. Kh4 f5 55. Rf1 Rg4# 0-1

[Event "DEM U10 2005"]
[Site "Willingen GER"]
[Date "2005.05.15"]
[Round "2"]
[White "Gerntke, Oliver"]
[Black "Bluhm, Sonja Maria"]
[Result "1-0"]
[Termination "normal"]
[Board "38"]
[WhiteElo "1085"]
[BlackElo "797"]
[PlyCount "49"]
[WhiteFideId "24647977"]
[BlackFideId "24654027"]
[EventCountry "GER"]
[EventRounds "11"]
[EventType "swiss"]
[EventDate "2005.05.15"]

1. d4 d5 2. c4 c6 3. Nc3 Nf6 4. Bg5 e6 5. e3 Be7 6. Qc2 Bd7 7. Bd3 O-O 8. Bxf6
Bxf6 9. Bxh7+ Kh8 10. Bd3 Na6 11. cxd5 exd5 12. Nf3 g6 13. h4 Nb4 14. Qd2 Qa5
15. a3 Na6 16. h5 Kg8 17. hxg6 fxg6 18. Bxg6 Be8 19. Bxe8 Raxe8 20. Qd3 Re7 21.
O-O-O Rff7 22. Rh2 Qc7 23. Rdh1 c5 24. Qg6+ Rg7 25. Rh8# 1-0

[Event "DEM U10 2005"]
[Site "Willingen GER"]
[Date "2005.05.15"]
[Round "2"]
[White "Brühan, Jan"]
[Black "Plotkin, Alex"]
[Result "0-1"]
[Termination "normal"]
[Board "39"]
[WhiteElo "784"]
[BlackElo "1060"]
[PlyCount "80"]
[EventCountry "GER"]
[EventRounds "11"]
[EventType "swiss"]
[EventDate "2005.05.15"]

1. e4 e5 2. Nf3 Nc6 3. Nc3 Nf6 4. Bc4 Nxe4 5. Nxe4 d5 6. d3 dxc4 7. Bg5 f6 8.
Bh4 cxd3 9. cxd3 Nb4 10. O-O Qxd3 11. Qxd3 Nxd3 12. Rfd1 Nxb2 13. Rd2 Nc4 14.
Rc2 Be6 15. Nfd2 Nxd2 16. Nxd2 O-O-O 17. Bg3 Bb4 18. Nb3 Bxb3 19. axb3 Rd3 20.
h3 a6 21. f4 Rxg3 22. fxe5 fxe5 23. Re2 Rxb3 24. Rxe5 Bc3 25. Re3 Bd4 26. Kf1
Rxe3 27. Rc1 Rhe8 28. h4 Re1+ 29. Rxe1 Rxe1+ 30. Kxe1 Kd7 31. Ke2 b5 32. Kf3 c5
33. Kf4 b4 34. g4 b3 35. Kf5 b2 36. g5 b1=Q+ 37. Kf4 Qf1+ 38. Ke4 Qg2+ 39. Kd3
Kd6 40. Kc4 Qc2# 0-1

[Event "DEM U10 2005"]
[Site "Willingen GER"]
[Date "2005.05.15"]
[Round "2"]
[White "Pohl, Theresa"]
[Black "Greilich, Sophie"]
[Result "1-0"]
[Termination "normal"]
[Board "40"]
[WhiteElo "1049"]
[BlackElo "793"]
[PlyCount "91"]
[EventCountry "GER"]
[EventRounds "11"]
[EventType "swiss"]
[EventDate "2005.05.15"]

1. d4 Nc6 2. d5 Nb8 3. e4 e5 4. Nf3 Bd6 5. g3 Nf6 6. Nc3 O-O 7. Bg2 c6 8. Bg5
h6 9. Bxf6 Qxf6 10. O-O cxd5 11. Qxd5 Nc6 12. Nb5 Nb4 13. Qc4 b6 14. a3 Nc6 15.
Qd5 Ba6 16. Rfd1 Bc5 17. Nc7 Be2 18. Qb3 Nd4 19. Rxd4 exd4 20. Nd5 Qe6 21. Nf4
Bc4 22. Nxe6 Bxb3 23. Nxf8 Ba4 24. Nxd7 Bxd7 25. b4 Be7 26. Nxd4 Bf6 27. e5
Bxe5 28. Bxa8 Bxd4 29. Rd1 Bxf2+ 30. Kxf2 Bg4 31. Rd8+ Kh7 32. Be4+ g6 33. Ra8
Bf5 34. Bxf5 gxf5 35. Rxa7 Kg6 36. Ra6 h5 37. Rxb6+ Kg5 38. Kf3 h4 39. gxh4+
Kxh4 40. Kf4 Kh5 41. Kxf5 f6 42. Rxf6 Kh4 43. Rg6 Kh5 44. a4 Kh4 45. Rg8 Kh5
46. Rh8# 1-0

[Event "DEM U10 2005"]
[Site "Willingen GER"]
[Date "2005.05.15"]
[Round "2"]
[White "Dang, An-Hai"]
[Black "Hümmecke, Aaron"]
[Result "1-0"]
[Termination "normal"]
[Board "41"]
[WhiteElo "1038"]
[BlackElo "770"]
[PlyCount "81"]
[BlackFideId "24692522"]
[EventCountry "GER"]
[EventRounds "11"]
[EventType "swiss"]
[EventDate "2005.05.15"]

1. e4 e5 2. Nf3 Nc6 3. d4 exd4 4. Nxd4 Qf6 5. Be3 Bc5 6. Nxc6 Bxe3 7. fxe3 Qxc6
8. Nc3 Nf6 9. Qf3 O-O 10. Bd3 d6 11. O-O Bg4 12. Qf4 d5 13. e5 h6 14. exf6 Qxf6
15. Qxg4 Qe5 16. e4 dxe4 17. Qxe4 Qc5+ 18. Kh1 g6 19. Qc4 Qxc4 20. Bxc4 Rae8
21. Nd5 Re4 22. Nf6+ Kg7 23. Nxe4 f5 24. Nc5 Rc8 25. Rad1 Kf6 26. g4 b6 27.
Nd7+ Ke7 28. gxf5 b5 29. f6+ Kd8 30. Bxb5 c6 31. f7 Ke7 32. f8=Q+ Rxf8 33. Nxf8
cxb5 34. Nxg6+ Ke6 35. b3 a5 36. c4 bxc4 37. bxc4 h5 38. c5 h4 39. c6 h3 40. c7
a4 41. c8=Q# 1-0

[Event "DEM U10 2005"]
[Site "Willingen GER"]
[Date "2005.05.15"]
[Round "2"]
[White "Princeataia, Elina"]
[Black "Schröder, Björn"]
[Result "0-1"]
[Termination "normal"]
[Board "42"]
[WhiteElo "729"]
[BlackElo "1035"]
[PlyCount "59"]
[EventCountry "GER"]
[EventRounds "11"]
[EventType "swiss"]
[EventDate "2005.05.15"]

1. e4 e5 2. Nf3 Nc6 3. Bc4 Bc5 4. c3 Nf6 5. d4 exd4 6. cxd4 Bb6 7. O-O Nxe4 8.
Re1 d5 9. Bxd5 Qxd5 10. Nc3 Qd6 11. Rxe4+ Be6 12. d5 Ba5 13. Be3 Bxc3 14. bxc3
Rd8 15. c4 O-O 16. Qd2 Bf5 17. Rh4 Qf6 18. Rf4 Qxa1+ 19. Ne1 Ne7 20. Kf1 Qe5
21. Bd4 Qd6 22. Qe3 Rfe8 23. Qg3 f6 24. Nf3 Bg6 25. Nh4 c5 26. Bc3 Rd7 27. Qg4
Qb6 28. Qxd7 Qb1+ 29. Be1 Bd3+ 30. Kg1 0-1